| 000 | 00893nam a22002297a 4500 | ||
|---|---|---|---|
| 003 | OSt | ||
| 005 | 20251010062519.0 | ||
| 008 | 240830b ||||| |||| 00| 0 eng d | ||
| 040 | _c0 | ||
| 082 | _aDper 647.94068 In821 April-May 2019 v. 78-79 | ||
| 100 |
_aChen, Han. _eauthor. _959561 |
||
| 245 |
_aIs negative workplace humor really all that "negative"? Workplace humor and hospitality employees' job embeddedness / _cHan Chen and Baker Ayoun. |
||
| 260 |
_aAmsterdam ; _bElsevier , _cMay 2019. |
||
| 300 |
_aVolume 79, pages 41-49 : _billustration ; _c28 cm. |
||
| 500 | _aInternational Journal of Hospitality Management, vol. 79, pages 41-49, May 2019. | ||
| 650 | 0 |
_aAffiliative humor. _968786 |
|
| 650 | 0 |
_aHospitality industry. _930591 |
|
| 650 | 0 |
_aJob embeddedness. _968787 |
|
| 700 |
_aChen, Han. _eauthor. _959561 |
||
| 700 |
_aAyoun, Baker. _eauthor. _959562 |
||
| 942 |
_2ddc _cPER |
||
| 999 |
_c21102 _d21102 |
||